| 000 | 00446nam a2200157Ia 4500 | ||
|---|---|---|---|
| 999 |
_c19817 _d19817 |
||
| 003 | OSt | ||
| 005 | 20200630114034.0 | ||
| 008 | 190216s9999||||xx |||||||||||||| ||und|| | ||
| 040 | _coclc | ||
| 082 |
_a930.12 _bCRY/S |
||
| 100 |
_aCrystal, David _93348 |
||
| 245 | 4 |
_aThe Stone Age / _cDavid Crystal ; John Foster |
|
| 260 |
_bEdward Arnold Ltd, _c1997. |
||
| 300 | _a24p | ||
| 942 |
_cBK _2ddc _h930.12 _iCRY/S _k930.12 _mCRY/S |
||